[Event "St Petersburg-ch"]
[Site "St Petersburg"]
[Date "1999.04.07"]
[Round "2"]
[White "Ignatiev, Alexander"]
[Black "Shaposhnikov, Evgeny"]
[Result "0-1"]
[WhiteElo "2291"]
[BlackElo "2474"]

1.d4 Nf6 2.c4 e6 3.Nf3 b6 4.g3 Ba6 5.b3 Bb4+ 6.Bd2 Be7 7.Bg2 c6 8.O-O O-O
9.Nc3 d5 10.cxd5 cxd5 11.Ne5 Nfd7 12.Nf3 Nc6 13.a3 Rc8 14.b4 Bc4 15.Bf4 b5
16.Qb1 Ra8 17.Rd1 a5 18.bxa5 Qxa5 19.Qc2 Rfc8 20.e4 Nf6 21.Ne5 Nxe5 22.Bxe5 b4
23.axb4 Qxa1 24.Rxa1 Rxa1+ 25.Nb1 Rca8 26.Bf1 R8a2 27.Qc1 Bxf1 28.Kxf1 Nxe4
29.Kg2 Rxf2+ 30.Kh3 Ng5+  0-1

[Event "Czerniak mem 15th"]
[Site "Tel Aviv"]
[Date "1999.04.07"]
[Round "8"]
[White "Bykhovsky, Avigdor"]
[Black "Lutz, Christopher"]
[Result "1/2-1/2"]
[WhiteElo "2453"]
[BlackElo "2610"]

1.d4 Nf6 2.c4 e6 3.Nf3 b6 4.g3 Ba6 5.b3 Bb7 6.Bg2 Bb4+ 7.Bd2 a5 8.O-O O-O
9.a3 Be7 10.Nc3 d5 11.cxd5 exd5 12.Ne5 Nbd7 13.Nd3 Re8 14.Nf4 Nf8 15.Qc2 c6
16.Rfd1 Rc8 17.Bh3 Rb8 18.Bg2 Rc8 19.Bh3 Rb8 20.Bg2 Ng6 21.Nxg6 hxg6 22.Bf4 Bd6
23.Bxd6 Qxd6 24.e4 dxe4 25.Nxe4  1/2-1/2

[Event "Czerniak mem 15th"]
[Site "Tel Aviv"]
[Date "1999.04.07"]
[Round "8"]
[White "Botvinnik, Mikhail2"]
[Black "Alterman, Boris"]
[Result "1/2-1/2"]
[WhiteElo "2235"]
[BlackElo "2615"]

1.d4 Nf6 2.Nf3 e6 3.c4 b6 4.g3 Ba6 5.b3 d5 6.cxd5 exd5 7.Bg2 Bb4+ 8.Bd2 Bd6
9.O-O O-O 10.Nc3 Nbd7 11.Ng5 h6 12.Nh3 c6 13.Re1 Rc8 14.Nf4 Re8 15.e4 dxe4
16.Nxe4 Nxe4 17.Rxe4 Rxe4 18.Bxe4 Nf6 19.Bf3 c5 20.dxc5 Bxc5 21.b4 Bf8 22.Rc1 g5
23.Rxc8 Bxc8 24.Nh5 Nxh5 25.Bxh5 Qd4 26.Qf3 Qc4 27.Qc3 Qe6 28.Bf3 Ba6 29.a4 Be2
30.Ba8 Qa2 31.a5 Bc4 32.axb6 axb6 33.Bg2 Qb1+ 34.Be1 b5 35.Qd2 Be7 36.Bf3 Qf5
37.Bc6 Bf6 38.Qe3 Qc2 39.Be4 Qb2 40.Bd2 Bd4 41.Qe1 Qb3 42.Qc1 Kf8 43.Qe1 Kg7
44.Qc1 f6 45.Qe1 Qb2 46.Bc6 Be5 47.Qe3 Qb1+ 48.Qe1 Qd3 49.Be4 Qd4 50.Qe3 Qd7
51.Qe1 h5 52.Bf3 g4 53.Be4 Qd4 54.Qe3 Qxe3 55.Bxe3 Bd6 56.Bd2 Be2 57.Kg2 Kf7
58.Bd5+ Kg6 59.Be4+ f5 60.Bc6 Kf7 61.Bc3 f4 62.gxf4 Bxf4 63.h3 gxh3+ 64.Kxh3 Kg6
65.Be8+ Kg5 66.Kg2 h4 67.Bd7 Bd3 68.Bd4 Bf5 69.Bc6 h3+ 70.Kh1 Bd6 71.Be3+ Kh4
72.Bd2 Bd3 73.Be1 Kg5 74.Bd2+ Kh4 75.Be1 Bf4 76.Bc3 Kg5 77.Bd4 Bd6 78.Be3+ Kf6
79.Bd2 Ke6 80.f4 Bf1 81.Kh2 Kf5 82.Bxb5  1/2-1/2

[Event "St Petersburg-ch"]
[Site "St Petersburg"]
[Date "1999.04.13"]
[Round "8"]
[White "Sergeev, Veniamin"]
[Black "Shaposhnikov, Evgeny"]
[Result "0-1"]
[WhiteElo "2420"]
[BlackElo "2474"]

1.d4 Nf6 2.c4 e6 3.Nf3 b6 4.g3 Ba6 5.b3 Bb4+ 6.Bd2 Be7 7.Bg2 c6 8.Bc3 d5
9.Ne5 Nfd7 10.Nxd7 Nxd7 11.Nd2 O-O 12.O-O Rc8 13.Rc1 f5 14.Bb2 Bd6 15.Nf3 Qe7
16.Qd2 Nf6 17.Ne5 Bb7 18.Qg5 h6 19.Qe3 Kh7 20.Nd3 Qf7 21.c5 Bb8 22.Ne5 Qh5
23.Bf3 Qh3 24.Bg2 Qh5 25.Bf3 Qe8 26.cxb6 axb6 27.Ba3 Rg8 28.Rc2 Ne4 29.Nd3 Qd7
30.Bg2 Ba6 31.f3 Nf6 32.Ne5 Qb7 33.b4 Bb5 34.Bb2 Bd6 35.Nd3 Rge8 36.a3 Qb8
37.Rfc1 Ba4 38.Rd2 Nd7 39.f4 Nf6 40.Kh1 Re7 41.Ne5 Rec7 42.Rf1 c5 43.dxc5 bxc5
44.bxc5 Bxc5 45.Bd4 Bxd4 46.Qxd4 Bc2 47.Bf3 Ne4 48.Bxe4 Bxe4+ 49.Kg1 Qb3
50.a4 Rb7 51.a5 Rb4 52.Qa7 Ra8 53.Qf2 Rxa5 54.Nc6 Qc3 55.Nxb4 Qxd2 56.Nc6 Ra3
57.Qe1 Qb2 58.Qf2 Ra1 59.Rxa1 Qxa1+ 60.Qf1 Qc3 61.Ne5 d4 62.Qf2 Qc1+ 63.Qf1 Qd2
64.Qf2 Qc1+ 65.Qf1 Qc3 66.Qf2 Bd5 67.Qf1 Qe3+ 68.Qf2 Qe4 69.Kf1 Qb1+ 70.Qe1 Qc2
71.Qf2 Bc4 72.Qe1 Bb5 73.Qf2 Qd1+ 74.Qe1 Bxe2+ 75.Kf2 Qxe1+ 76.Kxe1 d3 77.Kd2 Kg8
78.Nxd3 Bxd3 79.Kxd3 Kf7 80.h4 h5 81.Kc4 Ke7 82.Kc5 Kd7 83.Kd4 Kd6 84.Kc4 e5
85.fxe5+ Kxe5 86.Kd3 f4 87.Ke2 Ke4  0-1

[Event "ISR-chT"]
[Site "Israel"]
[Date "1999.04.16"]
[Round "8"]
[White "Zoler, Dan"]
[Black "Tunik, Gennady"]
[Result "1-0"]
[WhiteElo "2524"]
[BlackElo "2474"]

1.d4 Nf6 2.c4 e6 3.Nf3 b6 4.g3 Ba6 5.Nbd2 Bb7 6.Bg2 c5 7.e4 cxd4 8.O-O d6
9.Nxd4 Qd7 10.a4 Na6 11.a5 Be7 12.axb6 axb6 13.b3 O-O 14.Bb2 Nb4 15.Qe2 Rxa1
16.Rxa1 Ra8 17.Rxa8+ Bxa8 18.Ba3 Nc6 19.Nb5 Qd8 20.Nb1 Bb7 21.N1c3 Ba6 22.Qd1 Ne8
23.Bc1 Ne5 24.Be3 Nd7 25.Qa1 Bxb5 26.Nxb5 Qb8 27.Qa7 Qxa7 28.Nxa7 Kf8 29.Kf1 Nef6
30.Nc8 Ng4 31.Bxb6 Nxb6 32.Nxb6 Nxh2+ 33.Ke2 Ng4 34.Nc8 Ke8 35.Nxe7 Kxe7
36.f4 Nf6 37.b4 Nd7 38.Kd3 e5 39.Bh3 exf4 40.gxf4 Nb8 41.b5 h5 42.e5 Nd7
43.Kd4 h4 44.Bf5 g6 45.Bh3 f6 46.e6 Nc5 47.b6 f5 48.Kd5 Na6 49.Kc6 Kxe6 50.b7 Nb8+
51.Kc7 Na6+ 52.Kc8 Ke7 53.Bf1 g5 54.c5 h3 55.cxd6+  1-0

[Event "St Quentin op"]
[Site "St Quentin"]
[Date "1999.04.23"]
[Round "7"]
[White "Royer, Sylvain"]
[Black "Rue, David"]
[Result "1/2-1/2"]
[WhiteElo "2275"]
[BlackElo "2153"]

1.d4 Nf6 2.c4 e6 3.Nf3 b6 4.g3 Ba6 5.Nbd2 Bb4 6.Bg2 Bxc4 7.Qa4 Bxd2+ 8.Nxd2 Bd5
9.e4 Bc6 10.Qc2 Bb5 11.a4 Ba6 12.b4 O-O 13.b5 Bb7 14.O-O d5 15.Ba3 Re8 16.e5 Nfd7
17.f4 f6 18.Nc4 a6 19.h4 Qc8 20.Ne3 c5 21.Rfc1 cxd4 22.Qb2 Nc5 23.Qxd4 Nbd7
24.exf6 gxf6 25.f5 Ne5 26.Bxc5 bxc5 27.Rxc5 Qb8 28.b6 Qd6 29.Rc7 Bc6 30.fxe6 Rxe6
31.Rc1 Nf3+ 32.Bxf3 Qxg3+ 33.Ng2 Qxf3 34.R7xc6 Re2 35.Ne1 Qg3+ 36.Kf1 Rae8
37.Rc8 Qh3+ 38.Kg1  1/2-1/2

[Event "PHI-ch"]
[Site "Quezon City"]
[Date "1999.04.29"]
[Round "8"]
[White "Ortiz, Eduardo"]
[Black "Bitoon, Richard"]
[Result "0-1"]
[WhiteElo "2356"]
[BlackElo "2393"]

1.d4 Nf6 2.c4 e6 3.Nf3 b6 4.g3 Ba6 5.b3 Bb4+ 6.Bd2 Be7 7.Bg2 Bb7 8.Nc3 d5
9.cxd5 exd5 10.O-O O-O 11.Bf4 Na6 12.a3 h6 13.b4 c6 14.Ne5 Nc7 15.Bh3 Nfe8
16.Qb3 Nd6 17.f3 a5 18.Rad1 b5 19.e4 Nc4 20.exd5 Nxd5 21.Nxd5 Qxd5 22.bxa5 Bc8
23.Bxc8 Rfxc8 24.a4 Rxa5 25.axb5 cxb5 26.Bc1 Bf6 27.Bb2 Rca8 28.Ng4 Bg5 29.f4 Bd8
30.Ne5 Ra2 31.Rf2 h5 32.Nd3 Be7 33.Nc1 R2a5 34.Ne2 b4 35.Nc1 Bf6 36.Rc2 Nxb2
37.Qxb2 Ra1 38.Qxb4 Qf3 39.Rcd2 Qe3+ 40.Kg2 Qe4+ 41.Kf2 R8a3 42.Qc4 h4 43.Qc8+ Kh7
44.Qg4 Rxc1 45.Rxc1 Bxd4+  0-1

[Event "Capablanca mem Premier I"]
[Site "Havana"]
[Date "1999.05.18"]
[Round "10"]
[White "Podgaets, Mikhail"]
[Black "Roeder, Mathias"]
[Result "1/2-1/2"]
[WhiteElo "2484"]
[BlackElo "2448"]

1.d4 Nf6 2.c4 e6 3.Nf3 b6 4.g3 Ba6 5.b3 Bb4+ 6.Bd2 Bxd2+ 7.Qxd2 c6 8.Bg2 d5
9.O-O O-O 10.Qb4 Bb7 11.Nc3 c5 12.dxc5 Na6 13.Qa3 Nxc5 14.Rad1 Qe7 15.cxd5  1/2-1/2

[Event "Santo Antonio"]
[Site "Santo Antonio"]
[Date "1999.05.18"]
[Round "4"]
[White "Pinheiro, Jose"]
[Black "Campora, Daniel H"]
[Result "1-0"]
[WhiteElo "2272"]
[BlackElo "2553"]

1.d4 Nf6 2.c4 e6 3.Nf3 b6 4.g3 Ba6 5.b3 Bb4+ 6.Bd2 Be7 7.Bg2 O-O 8.O-O d5
9.Bc3 Ne4 10.Bb2 Nd7 11.Nbd2 f5 12.Qc2 c6 13.Rad1 Rc8 14.Nxe4 fxe4 15.Ne5 Nxe5
16.dxe5 Qe8 17.f3 Bc5+ 18.Kh1 Qe7 19.a3 exf3 20.exf3 dxc4 21.b4 Be3 22.Qc3 Bh6
23.Rd6 c5 24.Bh3 cxb4 25.axb4 Rcd8 26.Rxe6 Qg5 27.Bc1 Qh5 28.Rxh6 gxh6 29.Be6+ Rf7
30.Bxf7+ Qxf7 31.e6 Qxe6 32.Bb2 Kf7 33.Re1 Qg6 34.Qe5 Rc8 35.Re4 c3 36.Bxc3  1-0

[Event "Guillermo Garcia mem-B"]
[Site "Santa Clara"]
[Date "1999.06.05"]
[Round "11"]
[White "Pecorelli Garcia, Humberto"]
[Black "Alzate, Dario"]
[Result "1/2-1/2"]
[WhiteElo "2430"]
[BlackElo "2417"]

1.Nf3 Nf6 2.d4 e6 3.c4 b6 4.g3 Ba6 5.b3 Bb4+ 6.Bd2 Be7 7.Bg2 c6 8.O-O O-O
9.Bc3 d5 10.Nbd2 Nbd7  1/2-1/2

[Event "Salongernas Elo"]
[Site "Stockholm"]
[Date "1999.06.07"]
[Round "3"]
[White "Livner, Anders"]
[Black "Andersson, Mats"]
[Result "1/2-1/2"]
[WhiteElo "2169"]
[BlackElo "2313"]

1.d4 e6 2.c4 Nf6 3.Nf3 b6 4.g3 Ba6 5.Nbd2 d5 6.Bg2 Be7 7.O-O O-O 8.b3 c5
9.Bb2 Nc6 10.Re1 Rc8 11.cxd5 exd5 12.Rc1 Re8 13.Bh3 Rc7 14.Bf5 Bc8 15.Bd3 Bg4
16.Bb5 Bd7 17.Bd3 Bg4 18.Bb5 Bd7 19.Bd3 Bg4 20.Bb5  1/2-1/2

[Event "Fan Adams Int f-B"]
[Site "New York"]
[Date "1999.06.24"]
[Round "1"]
[White "Bonin, Jay R"]
[Black "Gustafsson, Jan"]
[Result "1/2-1/2"]
[WhiteElo "2419"]
[BlackElo "2416"]

1.d4 Nf6 2.c4 e6 3.Nf3 b6 4.g3 Ba6 5.Nbd2 c5 6.Bg2 Nc6 7.dxc5 bxc5 8.O-O Bb7
9.Ne5 Qc7 10.Nxc6 Bxc6 11.e4 d6 12.b3 Be7 13.Bb2 O-O 14.Qe2 Nd7 15.Nb1 Bf6
16.Bxf6 Nxf6 17.Nc3 Rfd8 18.Rad1 Ne8 19.f4 e5 20.fxe5 dxe5 21.Nd5 Bxd5 22.exd5 Rab8
23.Rde1 f6 24.Bh3 g6 25.Be6+ Kg7 26.g4 a5 27.g5 f5 28.Qb2 Kh8 29.Rxe5 Qg7
30.Rf3 Nd6 31.Re2 Qxb2 32.Rxb2 Kg7 33.Re2 Rb7 34.h4 Ra8 35.h5 a4 36.h6+ Kf8
37.Kg2 axb3 38.axb3 Ra1 39.Rff2 Ra3 40.Ra2 Rbxb3 41.Rxa3 Rxa3 42.Rb2 Ne4
43.Rb8+ Ke7 44.Rb7+ Kd6 45.Rxh7 Ke5 46.Rb7 Ra2+ 47.Kg1 Ra1+ 48.Kg2 Ra2+ 49.Kg1 Ra1+
50.Kg2 Ra2+  1/2-1/2

[Event "Hotel Irottko IM"]
[Site "Koszeg"]
[Date "1999.06.30"]
[Round "8"]
[White "Krizsany, Laszlo"]
[Black "Kovacs, Gabor2"]
[Result "1/2-1/2"]
[WhiteElo "2462"]
[BlackElo "2357"]

1.d4 Nf6 2.c4 e6 3.Nf3 b6 4.g3 Ba6 5.b3 Bb4+ 6.Bd2 Be7 7.Bg2 c6 8.Be3 d5
9.Ne5 Nfd7 10.Nxd7 Nxd7 11.Nd2 O-O 12.O-O b5 13.Re1  1/2-1/2

[Event "Hotel Irottko IM"]
[Site "Koszeg"]
[Date "1999.07.02"]
[Round "10"]
[White "Kiss, Pal"]
[Black "Kovacs, Gabor2"]
[Result "1/2-1/2"]
[WhiteElo "2436"]
[BlackElo "2357"]

1.d4 Nf6 2.c4 e6 3.Nf3 b6 4.g3 Ba6 5.b3 Bb4+ 6.Bd2 Be7 7.Bg2 c6 8.Bc3 d5
9.Nbd2 Nbd7 10.O-O O-O 11.Re1 Rc8 12.e4 dxe4 13.Nxe4 Nxe4 14.Rxe4 Nf6 15.Re3 Bb7
16.Ne5 Qc7 17.Qe2 Rfe8 18.Rd1 Ba8 19.Red3 Rcd8 20.Bd2 Qc8 21.Bg5 h6 22.Bxf6 Bxf6
23.c5 Bb7 24.Qe3 Qc7 25.f4 bxc5 26.dxc5 Rxd3 27.Rxd3 Rd8 28.Be4 Kf8 29.b4 a5
30.a3 axb4 31.axb4 Ba6 32.Rd4 Bb5 33.Qd2 Rxd4 34.Qxd4 Ke7 35.Kf2 g5 36.Ke3 h5
37.Qd6+ Qxd6 38.cxd6+ Kxd6 39.Nxf7+ Ke7 40.Nxg5 e5 41.Nf3 exf4+ 42.Kxf4 Bc3
43.Ne5 Bxb4 44.Bxc6 Bd6 45.Kf5 Bxe5 46.Bxb5 Bd6 47.Kg5 h4 48.Kxh4 Kf6 49.Bd3 Kg7
50.h3 Bxg3+  1/2-1/2

[Event "Ljubljana op 10th"]
[Site "Ljubljana"]
[Date "1999.07.03"]
[Round "9"]
[White "Volzhin, Alexander"]
[Black "Kurajica, Bojan"]
[Result "1/2-1/2"]
[WhiteElo "2548"]
[BlackElo "2536"]

1.d4 Nf6 2.c4 e6 3.Nf3 b6 4.g3 Ba6 5.b3 c6 6.Bg2 Bb4+ 7.Bd2 Be7 8.Bc3 O-O
9.Nbd2 d5 10.Ne5 Nbd7 11.Nxd7  1/2-1/2

[Event "SVK-ch"]
[Site "Nove Zamky"]
[Date "1999.07.05"]
[Round "3"]
[White "Balogh, Peter"]
[Black "Vojtek, Vladimir"]
[Result "1-0"]
[WhiteElo "2266"]
[BlackElo "2386"]

1.d4 Nf6 2.c4 e6 3.Nf3 b6 4.g3 Ba6 5.b3 Bb4+ 6.Bd2 Be7 7.Bg2 O-O 8.O-O d5
9.Ne5 c6 10.Bc3 Nfd7 11.Nxd7 Nxd7 12.Nd2 Rc8 13.a4 Nf6 14.e4 c5 15.exd5 exd5
16.dxc5 d4 17.Bb2 bxc5 18.Ne4 Rb8 19.Ba3 Qc7 20.Rb1 Bb7 21.Nxf6+ Bxf6 22.Qh5 Rfc8
23.Bxb7 Rxb7 24.Rfe1 g6 25.Qf3 Be7 26.h4 h5 27.Re2 Qc6 28.Qxc6 Rxc6 29.Re5 f5
30.Rd5 Kf7 31.Kg2 Rd6 32.Re5 Re6 33.Rd5 Rc7 34.Kf1 Re4 35.Re1 Ke6 36.f4 Rb7
37.Bxc5 Bxc5 38.Rxc5 Rxb3 39.Rxe4+ fxe4 40.Re5+ Kf6 41.Rxe4 d3 42.Kf2 Rb4
43.a5 Ra4 44.Rd4 Kf5 45.Rxd3 Rxa5 46.Ke3 Ke6 47.Kd4 Kd7 48.Re3 Ra6 49.Re5 Rf6
50.c5 Kc6 51.Kc4 a6 52.Re7 Rf5 53.Re6+ Kb7 54.Rb6+ Ka7 55.Rxg6 a5 56.Rg5 Rf6
57.Rxh5 a4  1-0

[Event "Biel MTO"]
[Site "Biel"]
[Date "1999.07.20"]
[Round "10"]
[White "Kalinitschew, Sergey"]
[Black "Schmidt, Jan Peter"]
[Result "1-0"]
[WhiteElo "2524"]
[BlackElo "2301"]

1.d4 Nf6 2.Nf3 e6 3.c4 b6 4.g3 Ba6 5.Qb3 Be7 6.Bg2 O-O 7.Nc3 c6 8.Bf4 d5
9.cxd5 cxd5 10.Rc1 Bc4 11.Qa4 Qd7 12.Qc2 Qb7 13.Ne5 Ba6 14.Qa4 Rc8 15.O-O Nc6
16.Nxc6 Rxc6 17.Nxd5  1-0

[Event "Biel MTO"]
[Site "Biel"]
[Date "1999.07.21"]
[Round "2"]
[White "Nemet, Ivan"]
[Black "Shariyazdanov, Andrey"]
[Result "0-1"]
[WhiteElo "2435"]
[BlackElo "2588"]

1.d4 Nf6 2.Nf3 e6 3.c4 b6 4.g3 Ba6 5.Nbd2 Bb4 6.Qc2 c5 7.Bg2 Nc6 8.dxc5 Bxc5
9.O-O O-O 10.a3 Bb7 11.Nb3 Be7 12.e4 Qc7 13.Bf4 d6 14.Rac1 Rac8 15.Qe2 Ne5
16.Nfd4 a6 17.Nd2 Rfe8 18.h3 Bf8 19.Be3 Ned7 20.b4 Qb8 21.Qd3 Qa8 22.N4b3 a5
23.f4 e5 24.f5 Red8 25.g4 h6 26.Rb1 a4 27.Nc1 b5 28.cxb5 d5 29.g5 dxe4 30.Qe2 hxg5
31.Rb2 Bd5 32.Bxg5 Qb7 33.Rd1 e3 34.Nf3 Rc3 35.Ne1 Rdc8 36.Bxe3 Bxg2 37.Nxg2 Rxa3
38.Na2 Rb8 39.Bg5 Qxb5 40.Qxb5 Rxb5 41.Bxf6 Nxf6 42.Rd8 Rd5 43.Ra8 Rd1+ 44.Kh2 Ra1
45.Rd2 R1xa2 46.Rdd8 Kh7  0-1

[Event "Komercni Banka op"]
[Site "Pardubice"]
[Date "1999.07.21"]
[Round "6"]
[White "Mirovshchikov, Sergey"]
[Black "Sax, Gyula"]
[Result "0-1"]
[WhiteElo "2358"]
[BlackElo "2588"]

1.d4 Nf6 2.c4 e6 3.Nf3 b6 4.g3 Ba6 5.Qc2 Bb7 6.Bg2 c5 7.O-O cxd4 8.Nxd4 Bxg2
9.Kxg2 Qc7 10.Qd3 a6 11.Qf3 Ra7 12.Be3 Be7 13.Nd2 O-O 14.Rac1 Rc8 15.h3 d6
16.Ne4 Nfd7 17.Kg1 Ne5 18.Qg2 Qd8 19.b3 Rd7 20.Nc3 Nec6 21.Nxc6 Rxc6 22.Rfd1 Qc7
23.Nb1 b5 24.cxb5 axb5 25.Qe4 d5 26.Qd3 b4 27.Qb5 Qb7 28.Qxb7 Rxb7 29.Rxc6 Nxc6
30.Rc1 Na7 31.Nd2 f6 32.Nf3 Nb5 33.Bd2 e5 34.e3 Kf7 35.Kf1 Ra7 36.Rc2 Ke6
37.Ke2 d4 38.g4 Kd5 39.Ne1 e4 40.Kf1 d3 41.Rb2 Nc3 42.f3 Nxa2 43.Kf2 Nc3
44.Kg3 Bd6+  0-1

[Event "Komercni Banka op"]
[Site "Pardubice"]
[Date "1999.07.22"]
[Round "7"]
[White "Neverov, Valeriy"]
[Black "Kalod, Radek"]
[Result "1-0"]
[WhiteElo "2549"]
[BlackElo "2440"]

1.d4 Nf6 2.Nf3 e6 3.c4 b6 4.g3 Ba6 5.b3 d5 6.cxd5 Nxd5 7.Bg2 Nd7 8.O-O Be7
9.Bb2 O-O 10.Nc3 Nxc3 11.Bxc3 Rc8 12.Qd2 Bb7 13.Rfd1 Nf6 14.Qb2 Bd6 15.a4 a5
16.b4 axb4 17.Bxb4 Be4 18.Ne5 Bxg2 19.Kxg2 Bxb4 20.Qxb4 Qd6 21.Rab1 Rfd8
22.Qb5 c5 23.Qxb6 Qd5+ 24.Nf3 c4 25.Rdc1 h6 26.Rb5 Qe4 27.Re5 Qa8 28.Ra5 Qe4
29.Re5 Qa8 30.Qa5 Rc6 31.Qxa8 Rxa8 32.a5 Nd5 33.e4 Nf6 34.Nd2 c3 35.Nb3 Rc4
36.Rc5 Rxc5 37.Nxc5 Rxa5 38.Rxc3 Ra2 39.Kf3 g5 40.h3 Kg7 41.Nd3 Ra7 42.Ke3 Rb7
43.Ra3 Rc7 44.Ra5 Rb7 45.Nc5 Rc7 46.g4 Kg6 47.f3 Kg7 48.Kd3 Ng8 49.d5 exd5
50.exd5 Nf6 51.Kd4 Rc8 52.Ra7 Rb8 53.d6 Rb4+ 54.Ke5 Rb5 55.Rc7 Kg6 56.Rc6 Kg7
57.Kd4 Rb1 58.Rc7 Rd1+ 59.Nd3 Nd5 60.Kxd5 Rxd3+ 61.Kc6 Kf6 62.Rc8 Rc3+ 63.Kb7 Rb3+
64.Kc7 Rc3+ 65.Kd8 Rxf3 66.d7 Rxh3 67.Ke8 Rd3 68.d8=Q+ Rxd8+ 69.Rxd8 h5 70.gxh5 g4
71.h6 Kg6 72.h7 Kxh7 73.Kxf7 Kh6  1-0

[Event "Paris-ch"]
[Site "Paris"]
[Date "1999.07.24"]
[Round "8"]
[White "Tregubov, Pavel V"]
[Black "Solozhenkin, Evgeniy"]
[Result "1-0"]
[WhiteElo "2609"]
[BlackElo "2544"]

1.d4 Nf6 2.Nf3 e6 3.c4 b6 4.g3 Ba6 5.Nbd2 c5 6.Bg2 Bb7 7.e4 cxd4 8.O-O d6
9.Nxd4 Qd7 10.a4 Nc6 11.Nxc6 Bxc6 12.b4 Be7 13.b5 Bb7 14.a5 Rb8 15.axb6 axb6
16.Ra7 O-O 17.Bb2 Qc8 18.Qa1 e5 19.f4 Ng4 20.Qa3 Re8 21.Qf3 f5 22.h3 Qc5+
23.Kh1 Ne3 24.Nb3 fxe4 25.Qf2 Qxc4 26.Qxe3 Qxb5 27.fxe5 dxe5 28.Ba3 Bxa3
29.Rxa3 Rbd8 30.Nd2 Rd4 31.Ra7 Qd7 32.Nxe4 Kh8 33.Rxb7  1-0

[Event "Lost Boys op"]
[Site "Antwerp"]
[Date "1999.08.05"]
[Round "6"]
[White "Ribshtein, Nati"]
[Black "Van den Doel, Erik"]
[Result "1/2-1/2"]
[WhiteElo "2349"]
[BlackElo "2528"]

1.d4 Nf6 2.c4 e6 3.Nf3 b6 4.g3 Ba6 5.Nbd2 Bb4 6.Qc2 Bb7 7.Bg2 Be4 8.Qb3 Bxd2+
9.Bxd2 O-O 10.O-O d6 11.Rfd1 Nbd7 12.Rac1 Qe7 13.Bh3 c5 14.Qe3 Rfe8 15.Bc3 a5
16.b3 Bb7 17.Qd3 d5 18.Qe3 Ne4 19.Bb2 a4 20.cxd5 Bxd5 21.Nd2 Qg5 22.Qxg5 Nxg5
23.Bg2 Bxg2 24.Kxg2 f6 25.Nc4 axb3 26.axb3 Reb8 27.dxc5 Nxc5 28.b4 Na4 29.Bd4 e5
30.Be3 Ne4 31.Rc2 Rc8 32.Rdc1 Rab8 33.f3 b5 34.Nxe5 Rxc2 35.Rxc2 Nec3 36.Nc6 Re8
37.Bd4 Rxe2+ 38.Rxe2 Nxe2 39.Ba1 Nc1 40.Nd4 Nd3 41.Nxb5  1/2-1/2

[Event "MK Cafe Cup-B"]
[Site "Koszalin"]
[Date "1999.08.05"]
[Round "3"]
[White "Umanskaya, Irina"]
[Black "Shneider, Aleksandr"]
[Result "0-1"]
[WhiteElo "2333"]
[BlackElo "2551"]

1.d4 Nf6 2.Nf3 e6 3.c4 b6 4.g3 Ba6 5.b3 b5 6.Bg2 bxc4 7.Ne5 Bb4+ 8.Bd2 cxb3
9.axb3 Bxd2+ 10.Nxd2 d5 11.O-O O-O 12.Bf3 c5 13.dxc5 Qc7 14.Nd3 Bxd3 15.exd3 Qxc5
16.Qc1 Qb6 17.Qa3 Nc6 18.Rfc1 Nb4 19.Be2 a5 20.Nf3 h6 21.Qb2 Rfc8 22.Ne5 Nc6
23.Nxc6 Rxc6 24.Rxc6 Qxc6 25.Rc1 Qb6 26.Qc3 Qb4 27.Bd1 Ne8 28.Kg2 Rb8 29.Qxb4 axb4
30.Rc6 Kf8 31.Kf3 Ke7 32.Ke3 Kd7 33.Ra6 Nc7 34.Ra4 Rb7 35.d4 Ne8 36.Be2 Nd6
37.Bd3 g5 38.f4 Ke7 39.Ra8 Kf6 40.Ra4 Nf5+ 41.Bxf5 Kxf5 42.Kf3 g4+ 43.Ke3 h5
44.Kd3 h4 45.Ke3 Rc7 46.Rxb4 Rc3+ 47.Kf2 Rc2+  0-1

[Event "Lost Boys op"]
[Site "Antwerp"]
[Date "1999.08.07"]
[Round "8"]
[White "Zoler, Dan"]
[Black "Gershon, Alik"]
[Result "0-1"]
[WhiteElo "2529"]
[BlackElo "2492"]

1.d4 Nf6 2.c4 e6 3.Nf3 b6 4.g3 Ba6 5.Nbd2 c5 6.Bg2 Nc6 7.dxc5 Bxc5 8.a3 Bb7
9.b4 Be7 10.Bb2 O-O 11.O-O d6 12.Qc2 Qc7 13.Ng5 Ne5 14.Bxb7 Qxb7 15.Bxe5 dxe5
16.Nde4 Nxe4 17.Nxe4 a5 18.Rab1 Rfc8 19.Rfd1 Qc6 20.Nd2 axb4 21.axb4 Ra4
22.Qc3 f6 23.c5 bxc5 24.b5 Qd5 25.Nb3 Qa8 26.Rd7 Bf8 27.Nd2 Rb4 28.Ra1 Qb8
29.Raa7 Qxb5 30.Qf3 Rd4 31.Rdb7 Qc6 32.Qh5 Qe8 33.Rf7 Rxd2 34.g4 c4 35.g5 fxg5
36.Qf3 c3 37.h4 c2 38.Qb7 c1=Q+ 39.Kh2 Qxf7 40.Qxf7+ Kh8 41.h5  0-1

[Event "MK Cafe Cup-A"]
[Site "Koszalin"]
[Date "1999.08.07"]
[Round "5"]
[White "Bobrowska, Monika"]
[Black "Lerner, Konstantin Z"]
[Result "0-1"]
[WhiteElo "2438"]
[BlackElo "2588"]

1.d4 Nf6 2.Nf3 e6 3.c4 b6 4.g3 Ba6 5.Qb3 Nc6 6.Bd2 Bb7 7.d5 exd5 8.cxd5 Ne7
9.d6 cxd6 10.Bg2 Nc6 11.O-O Be7 12.Nc3 O-O 13.Rad1 Rc8 14.Qc2 a6 15.Bf4 Qc7
16.Qf5 g6 17.Qd3 Nb4 18.Qd4 Nbd5 19.Nxd5 Nxd5 20.Bh6 Bf6 21.Qd2 Rfe8 22.Ng5 Ne7
23.e4 Bg7 24.Bxg7 Kxg7 25.Rc1 Bc6 26.Qd4+ f6 27.f4 Ng8 28.h4 Qd8 29.h5 Bb5
30.Rfe1 Rc5 31.b4 Rxc1 32.Rxc1 Bc6 33.hxg6 hxg6 34.Kf2 Nh6 35.Bf3 Qe7 36.Rh1 Rh8
37.Re1 b5 38.a3 Kg8 39.Nh3 Qe6 40.Ng1 Ng4+ 41.Bxg4 Qxg4 42.Nf3 Rh3 43.Rg1 Qe6
44.Re1 Kf7 45.Qe3 Rh8 46.Nh4 Qc4 47.Qd2 Re8 48.Qxd6 Rxe4 49.Rxe4 Qxe4 50.Qc5 Qd3
51.Qe3 Qxe3+ 52.Kxe3 f5 53.Kd4 Kf6 54.Kc5 g5 55.fxg5+ Kxg5 56.Kd6 f4  0-1

[Event "Mala mem op"]
[Site "Griesheim"]
[Date "1999.08.08"]
[Round "6"]
[White "Blum, Ralph"]
[Black "Kunz, Konstantin"]
[Result "0-1"]
[WhiteElo "2062"]
[BlackElo "2200"]

1.d4 Nf6 2.c4 e6 3.Nf3 b6 4.g3 Ba6 5.b3 Bb4+ 6.Bd2 Be7 7.Bg2 Bb7 8.O-O O-O
9.Bc3 d5 10.Nbd2 Na6 11.Qc2 Qc8 12.Ne5 c5 13.Rac1 Rd8 14.Qb2 dxc4 15.Ndxc4 Bxg2
16.Kxg2 Qb7+ 17.Kg1 Nd5 18.Rfd1 Nxc3 19.Qxc3 Nb4 20.Qb2 cxd4 21.a3 Nc6 22.Nxc6 Qxc6
23.Ne5 Qd6 24.Nc6 Qxa3 25.Nxe7+ Qxe7 26.Rxd4 h6 27.Rg4 e5 28.Rgc4 Rd7 29.Rc8+ Rxc8
30.Rxc8+ Kh7 31.Qc2+ g6 32.Kg2 h5 33.h4 Kg7 34.Qc3 Qd6 35.Rc4 Qd5+ 36.f3 Kh7
37.Re4 Re7 38.Rc4 e4 39.Rxe4 Rxe4 40.fxe4 Qxe4+ 41.Kf2 a5 42.e3 Qd5 43.Qc2 Qf5+
44.Qxf5 gxf5 45.Ke2 b5 46.Kd3 Kg6 47.Kd4 Kf6  0-1

[Event "MK Cafe Cup-B"]
[Site "Koszalin"]
[Date "1999.08.08"]
[Round "6"]
[White "Kupreichik, Viktor D"]
[Black "Kuzmin, Gennadi P"]
[Result "1/2-1/2"]
[WhiteElo "2429"]
[BlackElo "2518"]

1.d4 Nf6 2.Nf3 e6 3.c4 b6 4.g3 Ba6 5.Qc2 Bb7 6.Bg2 Bb4+ 7.Nbd2 O-O 8.O-O Bxd2
9.Nxd2 Bxg2 10.Kxg2 d5  1/2-1/2

[Event "Faro op"]
[Site "Algarve"]
[Date "1999.08.17"]
[Round "8"]
[White "Damaso, Rui"]
[Black "Solozhenkin, Evgeniy"]
[Result "1/2-1/2"]
[WhiteElo "2399"]
[BlackElo "2544"]

1.Nf3 Nf6 2.d4 e6 3.c4 b6 4.g3 Ba6 5.Nbd2 c5 6.Bg2 Bb7 7.e3 cxd4 8.exd4 d5
9.b3 Be7 10.O-O O-O 11.Bb2 Nc6 12.Qe2 Rc8 13.Rfc1 Rc7 14.Nf1 Qa8 15.Ne3 Rd8
16.h4 Bf8 17.Rab1  1/2-1/2

[Event "ESP-ch"]
[Site "Palencia"]
[Date "1999.08.19"]
[Round "1"]
[White "Pol Valveny, Ramon"]
[Black "Oms Pallise, Josep"]
[Result "0-1"]
[WhiteElo "2075"]
[BlackElo "2412"]

1.d4 Nf6 2.c4 e6 3.Nf3 b6 4.g3 Ba6 5.b3 Bb7 6.Bg2 Bb4+ 7.Bd2 a5 8.Nc3 O-O
9.O-O d6 10.a3 Bxc3 11.Bxc3 Nbd7 12.Qc2 Be4 13.Qb2 a4 14.b4 b5 15.Nd2 Bxg2
16.Kxg2 d5 17.cxb5 Nb6 18.Qc2 Qd7 19.Qd3 Ne8 20.Nf3 f6 21.e4 Nd6 22.e5 Qxb5
23.Qc2 Ne4 24.exf6 Rxf6 25.Ne5 Nc4 26.Nxc4 Qxc4 27.Rac1 Raf8 28.Be1 Qb3 29.Qxb3 axb3
30.f3 Nd6 31.Rb1 Ra8 32.Rxb3 Nc4 33.Rf2 Rxa3 34.Rxa3 Nxa3 35.Ra2 Nb5 36.Ra5 c6
37.Ra6 Nxd4 38.Bc3 e5 39.f4 Re6 40.fxe5 Nb5 41.Ba1 Kf7 42.Kf3 Ke7 43.Kf4 Kd7
44.Ra8 Re7 45.Rf8 Ke6 46.Bb2 Nc7 47.Rb8 Kd7 48.Rb6 Ne6+ 49.Ke3 Kc7 50.Ra6 Kb7
51.Ra5 Nc7 52.Bd4 Nb5 53.Ra1 Rf7 54.Re1 Kc7 55.Bc5 Kd7 56.Kd3 Rf3+ 57.Re3 Rxe3+
58.Kxe3 Ke6 59.Bf8 Kf7 60.Bc5 h5 61.Kf4 Nc7 62.Bd6 Ne6+ 63.Ke3 Kg6 64.Kf3 Kf5
65.h3 Ng5+ 66.Ke3 Nf7 67.Kd4 Nxd6 68.exd6 Ke6 69.Kc5 Kd7 70.b5 cxb5 71.Kxd5 b4
72.Kc4 Kxd6 73.Kxb4 Kd5 74.Kc3 Ke4  0-1

[Event "ESP-ch"]
[Site "Palencia"]
[Date "1999.08.20"]
[Round "2"]
[White "Izeta Txabarri, Felix"]
[Black "Rodriguez Lopez, Rafael"]
[Result "1-0"]
[WhiteElo "2505"]
[BlackElo "2326"]

1.d4 Nf6 2.Nf3 e6 3.c4 b6 4.g3 Ba6 5.b3 Bb4+ 6.Bd2 Be7 7.Bg2 c6 8.Bc3 d5
9.Ne5 Nfd7 10.Nxd7 Nxd7 11.Nd2 O-O 12.O-O Rb8 13.e4 b5 14.Re1 bxc4 15.bxc4 dxc4
16.Qa4 Bb5 17.Qc2 c5 18.d5 exd5 19.exd5 Bf6 20.Nxc4 Bxc4 21.Bxf6 Qxf6 22.Qxc4 Rb2
23.Qf4 Qxf4 24.gxf4 Rd2 25.Red1 Rxd1+ 26.Rxd1 Rd8 27.Rc1 Kf8 28.Rc3 Ke7 29.Ra3 Rb8
30.Rxa7 Rb1+ 31.Bf1 Kd6 32.Kg2 g6 33.a4 f5 34.Bb5 Nf6 35.Ra6+ Ke7 36.d6+ Kf7
37.Bc4+  1-0